• 首页
  • 本馆介绍
  • 公告通知
  • 最新文献
  • 馆藏检索
  • 电子资源
  • 读者导购
  • 参考咨询
  • 我的图书馆
  • 登录
  • 详细信息显示
  • 放入我的书架
  • 预约/预借图书
  • 作者相关作品
  • 分类相关作品
  • 丛书相关作品
  • 出版社相关作品

书目信息

  • 表格格式
  • 工作单格式
  • 卡片格式
题名:
城市空间热环境遥感分析
    
 
作者: 陈云浩 著
分册:  
出版信息: 北京   科学出版社  2004.10
页数:
开本: 32开
丛书名:
单 册:
中图分类: X57
科图分类:
主题词: 热污染--污染防治 , 热污染
电子资源:
ISBN: 7-03-012645-9
000 00665nam0 2200205 450
001 0736196517
005 20070924100316.51
010    @a7-03-012645-9@d¥26.00
100    @a20070924d km y0chiy0120 ea
101 0  @achi
200 1  @a城市空间热环境遥感分析@Acheng shi kong jian re huan jing yao gan fen xi@e格局 过程 模拟与影响@f陈云浩 等著@Fchen yun hao deng zhu
210    @a北京@c科学出版社@d2004.10
215    @d32开
517 1  @a格局 过程 模拟与影响@Age ju guo cheng mo ni yu ying xiang
606 0  @a热污染@x污染防治
606 0  @a热污染
690    @aX57@v3
701  0 @a陈云浩@Achen yun hao@4著
801  0 @aCN@bPFT@c20070924
905    @a213230@dX57@eZY40@f1
    
    城市空间热环境遥感分析:格局 过程 模拟与影响/陈云浩 等著.-北京:科学出版社,2004.10
    32开
    
    
    ISBN 7-03-012645-9:¥26.00
    
●
相关链接 在E读中查询图书 在五车中查询图书 在当当中查询图书 在豆瓣中查询图书


正题名:城市空间热环境遥感分析     索取号:X57/ZY40         预约/预借

序号 登录号 条形码 馆藏地/架位号 状态 备注
1 7901377   279013773   密集书库-资源管理系/ [索取号:X57/ZY40] 在馆    
唐山师范学院图书馆 欢迎您!
大连网信软件有限公司© 版权所有